书目信息 |
| 题名: |
原始的性爱
|
|
| 作者: | 英马林诺夫斯基 ;王启龙 | |
| 分册: | 下 | |
| 出版信息: | 北京 中国社会出版社 2000 |
|
| 页数: | 573页 | |
| 开本: | 20cm | |
| 丛书名: | ||
| 单 册: | ||
| 中图分类: | K613 | |
| 科图分类: | ||
| 主题词: | 大洋洲--历史 | |
| 电子资源: | ||
| ISBN: | 7-80146-242-4 | |
| 000 | 00612nam0 2200193 450 | |
| 001 | 0728815141 | |
| 005 | 20070819080015.14 | |
| 010 | @a7-80146-242-4@d¥36.00 | |
| 100 | @a20070819d km y0chiy0120 ea | |
| 101 | 0 | @achi |
| 200 | 1 | @a原始的性爱@Ayuan shi de xing ai@h下@f〔英〕马林诺夫斯基@F〔ying〕ma lin nuo fu si ji@g王启龙等@Gwang qi long deng |
| 210 | @a北京@c中国社会出版社@d2000 | |
| 215 | @a573页@d20cm | |
| 606 | 0 | @a大洋洲@x历史 |
| 690 | @aK613@v3 | |
| 701 | 0 | @a英马林诺夫斯基@Aying ma lin nuo fu si ji |
| 702 | 0 | @a王启龙@Awang qi long |
| 801 | 0 | @aCN@bPFT@c20070819 |
| 905 | @a213230@dK613@eZW6:2@f1 | |
| 原始的性爱.下/〔英〕马林诺夫斯基/王启龙等.-北京:中国社会出版社,2000 |
| 573页;20cm |
| ISBN 7-80146-242-4:¥36.00 |
| ● |
| 相关链接 |
|
|
|
|
正题名:原始的性爱
索取号:K613/ZW6:2
 
预约/预借
| 序号 | 登录号 | 条形码 | 馆藏地/架位号 | 状态 | 备注 |
| 1 | 7611362 | 276113625 | 密集书库-文学院/ [索取号:K613/ZW6:2] | 在馆 |